[Event "Tenerife-chT Primera 1819"]
[Site "Tenerife"]
[Date "2019.01.19"]
[Round "5.2"]
[White "Colichon Rebryck, Carlos Alexei"]
[Black "Perez Fresnedo, Sadiel Barbaro"]
[Result "1-0"]
[WhiteElo "2019"]
[BlackElo "1980"]
[PlyCount "58"]
[EventDate "2018.11.24"]
[EventType "team-tourn"]
[EventRounds "14"]
[EventCountry "ESP"]
[SourceTitle "CBM 189 Extra"]
[Source "ChessBase"]
[SourceDate "2019.05.31"]
[SourceVersion "1"]
[SourceVersionDate "2019.05.31"]
[SourceQuality "1"]
[WhiteTeam "Puerto de la Cruz Piratas"]
[BlackTeam "Al Shah Mat Los Realejos"]
[WhiteTeamCountry "ESP"]
[BlackTeamCountry "ESP"]

1. e4 e5 2. Nc3 Nf6 3. f4 d6 4. Nf3 Nbd7 5. d4 exd4 6. Qxd4 Be7 7. e5 dxe5 8. fxe5 Bc5 9. Qh4 Qe7 10. Bf4 Ng4 11. Qxe7+ Bxe7 12. h3 Nh6 13. Nd5 Bd8 14. e6 fxe6 15. Nxc7+ Bxc7 16. Bxc7 0-0 17. Bc4 Nf6 18. 0-0 Nd5 19. Bd6 Rd8 20. Bc5 Nc7 21. Rfe1 Bd7 22. Bb3 Rdc8 23. Bf2 Re8 24. Rad1 b6 25. Bh4 b5 26. Nd4 Rac8 27. Nxe6 Bxe6 28. Bd5 Bxd5 29. Rxe8+ Rxe8 1-0

[Event "Tenerife-chT Primera 1819"]
[Site "Tenerife"]
[Date "2019.01.12"]
[Round "4.2"]
[White "Lichtenegger, Wolfram"]
[Black "Colichon Rebryck, Carlos Alexei"]
[Result "0-1"]
[WhiteElo "1753"]
[BlackElo "2019"]
[PlyCount "116"]
[EventDate "2018.11.24"]
[EventType "team-tourn"]
[EventRounds "14"]
[EventCountry "ESP"]
[SourceTitle "CBM 189 Extra"]
[Source "ChessBase"]
[SourceDate "2019.05.31"]
[SourceVersion "1"]
[SourceVersionDate "2019.05.31"]
[SourceQuality "1"]
[WhiteTeam "La Victoria 94"]
[BlackTeam "Puerto de la Cruz Piratas"]
[WhiteTeamCountry "ESP"]
[BlackTeamCountry "ESP"]

1. Nf3 d5 2. d4 Nf6 3. e3 c5 4. g3 Nc6 5. Bg2 Bg4 6. c3 Qd7 7. h3 Bh5 8. g4 Bg6 9. Ne5 Qc7 10. Nxc6 Qxc6 11. Nd2 h5 12. g5 Ne4 13. Nxe4 Bxe4 14. f3 Bf5 15. Qe2 e6 16. e4 Bg6 17. exd5 Qxd5 18. f4 Qd7 19. Be3 Rc8 20. Rd1 c4 21. Qf3 b6 22. 0-0 Bd6 23. d5 Bd3 24. Rfe1 g6 25. dxe6 fxe6 26. Bf1 Bxf1 27. Kxf1 0-0 28. Qe4 Kh7 29. Kg2 Rce8 30. Qxc4 e5 31. Qd5 exf4 32. Qxd6 Qxd6 33. Rxd6 fxe3 34. Rf6 Rxf6 35. gxf6 g5 36. f7 Rf8 37. Rxe3 Rxf7 38. Re6 Rd7 39. Kf3 Rd3+ 40. Ke4 Rxh3 41. Kf5 Rg3 42. Re7+ Kg8 43. Kg6 Kf8 44. Rxa7 h4 45. Kf6 Ke8 46. Rh7 h3 47. Kf5 g4 48. Kf4 Rg2 49. b4 h2 50. a4 g3 51. a5 bxa5 52. bxa5 Rg1 53. a6 h1Q 54. a7 Rf1+ 55. Ke5 Re1+ 56. Kd6 Rd1+ 57. Kc7 Qxh7+ 58. Kb8 Rd8# 0-1

[Event "Santa Cruz de Tenerife op 29th"]
[Site "Santa Cruz de Tenerife"]
[Date "2018.12.14"]
[Round "2"]
[White "Paz Mendez, German Christopher"]
[Black "Colichon Rebryck, Carlos Alexei"]
[Result "1-0"]
[WhiteElo "1855"]
[BlackElo "2019"]
[PlyCount "75"]
[EventDate "2018.12.13"]
[EventType "swiss"]
[EventRounds "9"]
[EventCountry "ESP"]
[SourceTitle "CBM 188 Extra"]
[Source "ChessBase"]
[SourceDate "2019.02.28"]
[SourceVersion "1"]
[SourceVersionDate "2019.02.28"]
[SourceQuality "1"]

1. d4 Nf6 2. c4 c5 3. d5 b5 4. cxb5 a6 5. bxa6 Bxa6 6. g3 d6 7. Bg2 g6 8. Nh3 Bg7 9. 0-0 0-0 10. Nc3 Nbd7 11. Bf4 Qb6 12. Qc1 Rfb8 13. Rb1 Ng4 14. Ng5 Qa5 15. Nge4 Nge5 16. Bh6 Bh8 17. h3 Nc4 18. f4 Ne3 19. Rf3 Nxg2 20. Kxg2 Rb4 21. Ng5 Bg7 22. Bxg7 Kxg7 23. Qe3 Qd8 24. b3 h6 25. Nge4 f5 26. Nf2 Nf6 27. g4 Bb7 28. Rd1 Qd7 29. Kh2 Re8 30. Rg3 e6 31. dxe6 Rxe6 32. Qc1 fxg4 33. hxg4 Kh7 34. e3 Re7 35. Qc2 d5 36. g5 Ne4 37. Ncxe4 Rbxe4 38. Nxe4 1-0

[Event "San Cristobal de La Laguna op 1st"]
[Site "San Cristobal de La Laguna"]
[Date "2018.09.07"]
[Round "9"]
[White "Salazar de la Cruz, Jose Maria"]
[Black "Colichon Rebryck, Carlos Alexei"]
[Result "1-0"]
[WhiteElo "2040"]
[BlackElo "1870"]
[PlyCount "53"]
[EventDate "2018.08.31"]
[EventType "swiss"]
[EventRounds "9"]
[EventCountry "ESP"]
[SourceTitle "CBM 186 Extra"]
[Source "ChessBase"]
[SourceDate "2018.08.24"]
[SourceVersion "1"]
[SourceVersionDate "2018.08.24"]
[SourceQuality "1"]

1. e4 c5 2. Nf3 e6 3. g3 Nc6 4. Bg2 g6 5. d4 cxd4 6. Nxd4 Qb6 7. Nb3 Bg7 8. 0-0 Nge7 9. Be3 Qc7 10. Nc3 Bxc3 11. bxc3 0-0 12. Bc5 d5 13. Nd4 Rd8 14. Qe2 b6 15. Nxc6 Nxc6 16. Be3 dxe4 17. Bxe4 Bb7 18. Bg5 Ne7 19. Bxb7 Qxb7 20. Qe5 Rd5 21. Qf6 Re8 22. g4 Nf5 23. Rad1 h6 24. Rxd5 Qxd5 25. gxf5 Qf3 26. fxg6 Qg4+ 27. Kh1 1-0

[Event "Santa Cruz de Tenerife Verano op"]
[Site "Santa Cruz de Tenerife"]
[Date "2018.08.29"]
[Round "5"]
[White "Colichon Rebryck, Carlos Alexei"]
[Black "Abreu Suarez, Isauro"]
[Result "1/2-1/2"]
[WhiteElo "1870"]
[BlackElo "1999"]
[PlyCount "62"]
[EventDate "2018.08.20"]
[EventType "swiss"]
[EventRounds "9"]
[EventCountry "ESP"]
[SourceTitle "CBM 186 Extra"]
[Source "ChessBase"]
[SourceDate "2018.08.24"]
[SourceVersion "1"]
[SourceVersionDate "2018.08.24"]
[SourceQuality "1"]

1. e4 Nc6 2. d4 d5 3. Nc3 dxe4 4. d5 Nb8 5. Bc4 Nf6 6. Bg5 Nbd7 7. Qd4 g6 8. Nxe4 Bg7 9. 0-0-0 0-0 10. h4 b5 11. Be2 Bb7 12. h5 Nxd5 13. Qd3 Nb4 14. Qe3 Nxa2+ 15. Kb1 Bxe4 16. Qxe4 c5 17. hxg6 Qa5 18. gxf7+ Rxf7 19. Qxa8+ Nf8 20. Qd5 c4 21. Bxc4 e6 22. Qxb5 Nc3+ 23. bxc3 Qxc3 24. Kc1 Rxf2 25. Ne2 Qa1+ 26. Qb1 Qa3+ 27. Kd2 Qc3+ 28. Kc1 Qa3+ 29. Kd2 Qc3+ 30. Kc1 Qa3+ 31. Kd2 Qc3+ 1/2-1/2

[Event "Tenerife-chT Primera 1718"]
[Site "Tenerife"]
[Date "2018.04.07"]
[Round "14.1"]
[White "Colichon Rebryck, Carlos Alexei"]
[Black "Evora Brondo, Jose Luis"]
[Result "0-1"]
[WhiteElo "1846"]
[BlackElo "1978"]
[PlyCount "102"]
[EventDate "2017.11.11"]
[EventType "team-tourn"]
[EventRounds "14"]
[EventCountry "ESP"]
[SourceTitle "EXT 2021"]
[Source "ChessBase"]
[SourceDate "2020.10.23"]
[SourceVersion "1"]
[SourceVersionDate "2020.10.23"]
[SourceQuality "1"]
[WhiteTeam "Piratas La Orotava II"]
[BlackTeam "Circulo de Amistad XII Enero III"]
[WhiteTeamCountry "ESP"]
[BlackTeamCountry "ESP"]

1. e4 e5 2. Nf3 Nc6 3. c3 d5 4. Bb5 dxe4 5. Nxe5 Qd5 6. Qa4 Nge7 7. d4 exd3 8. Bf4 g5 9. Bg3 Bg7 10. Qc4 Qxc4 11. Nxc4 a6 12. Bxc6+ Nxc6 13. Bxc7 b5 14. Ne3 Be6 15. 0-0 0-0 16. Nd2 Rac8 17. Bg3 f5 18. f4 g4 19. Nb3 Rcd8 20. Rfd1 Rfe8 21. Bf2 b4 22. Rac1 bxc3 23. bxc3 Bf8 24. Rd2 a5 25. Rcd1 a4 26. Nc1 Na5 27. Nxd3 Rc8 28. Rc2 Red8 29. Ne5 Bc5 30. Rdc1 h5 31. g3 Kg7 32. Kf1 Kf6 33. Rb1 Bd6 34. Rb5 Nc6 35. N3c4 Be7 36. Nb6 Rc7 37. Nxa4 Ra8 38. Nc5 Bxa2 39. Rb6 Bd5 40. Na6 Rcc8 41. Nb4 Be4 42. Nexc6 Ra1+ 43. Ke2 Bf3+ 44. Kd3 Be4+ 45. Kc4 Bd8 46. Rd2 Bxb6 47. Rd6+ Kf7 48. Bxb6 Rh1 49. Rd7+ Ke8 50. Kb5 Kxd7 51. Ne5+ Ke6 0-1

[Event "Tenerife-chT Primera 1718"]
[Site "Tenerife"]
[Date "2018.02.10"]
[Round "9.1"]
[White "Baskewitsch, Pierre"]
[Black "Colichon Rebryck, Carlos Alexei"]
[Result "1/2-1/2"]
[WhiteElo "1912"]
[BlackElo "1846"]
[PlyCount "85"]
[EventDate "2017.11.11"]
[EventType "team-tourn"]
[EventRounds "14"]
[EventCountry "ESP"]
[SourceTitle "CBM 187 Extra"]
[Source "ChessBase"]
[SourceDate "2018.11.04"]
[SourceVersion "1"]
[SourceVersionDate "2018.11.04"]
[SourceQuality "1"]
[WhiteTeam "Al Shah Mat Los Realejos III"]
[BlackTeam "Piratas La Orotava II"]
[WhiteTeamCountry "ESP"]
[BlackTeamCountry "ESP"]

1. d4 d5 2. Nf3 Nf6 3. Bg5 Ne4 4. Bh4 c5 5. dxc5 Nc6 6. c3 Nxc5 7. e3 Qb6 8. b4 Nd7 9. Qxd5 e6 10. Qb3 e5 11. Ng5 Nd8 12. Bc4 Qg6 13. 0-0 Be7 14. f4 h6 15. Nf3 e4 16. f5 Qb6 17. Bxe7 Qxe3+ 18. Rf2 Kxe7 19. Nd4 Ne5 20. Be2 Re8 21. Na3 Ndc6 22. Nac2 Nxd4 23. Nxe3 Nxb3 24. axb3 Rd8 25. Bc4 Nxc4 26. bxc4 Rd3 27. Nd5+ Kd6 28. Re1 a5 29. Nb6 Rb8 30. Rxe4 Rd1+ 31. Rf1 Rxf1+ 32. Kxf1 Bxf5 33. Rd4+ Kc6 34. bxa5 Re8 35. Rd5 Be6 36. Rd4 Bf5 37. Kf2 Re5 38. Rd5 f6 39. Rxe5 fxe5 40. Ke3 Kc5 41. Kd2 g5 42. Ke3 h5 43. h3 1/2-1/2

[Event "Santa Cruz de Tenerife op 28th"]
[Site "Santa Cruz de Tenerife"]
[Date "2017.12.26"]
[Round "7"]
[White "Martinez Rojas, Carlos Jose"]
[Black "Colichon Rebryck, Carlos Alexei"]
[Result "0-1"]
[WhiteElo "2028"]
[BlackElo "1861"]
[PlyCount "110"]
[EventDate "2017.12.15"]
[EventType "swiss"]
[EventRounds "9"]
[EventCountry "ESP"]
[SourceTitle "CBM 182 Extra"]
[Source "ChessBase"]
[SourceDate "2018.02.23"]
[SourceVersion "1"]
[SourceVersionDate "2018.02.23"]
[SourceQuality "1"]

1. e4 c5 2. b3 Nc6 3. Bb2 e6 4. Nf3 d5 5. Bb5 Nf6 6. Ne5 Qb6 7. exd5 exd5 8. Qe2 Be7 9. 0-0 Be6 10. Bxc6+ bxc6 11. f4 0-0 12. f5 Bc8 13. Nc4 Qc7 14. Be5 Qd8 15. Ne3 Nd7 16. Bb2 Bf6 17. Bxf6 Qxf6 18. Nc3 Kh8 19. Rae1 Re8 20. Qf3 Ba6 21. Rf2 d4 22. Ne4 Qh4 23. Nc4 Bxc4 24. bxc4 Ne5 25. Qf4 Qxf4 26. Rxf4 Nxc4 27. d3 Na3 28. Rc1 Re5 29. f6 g6 30. Nd6 Kg8 31. Re4 Rd5 32. Nc4 Nxc4 33. dxc4 Rd6 34. Rf1 Re6 35. Rfe1 Rae8 36. Rxe6 Rxe6 37. Rb1 Rxf6 38. Rb7 Re6 39. Rc7 Kg7 40. a4 Re2 41. Rxc6 Rxc2 42. Rxc5 d3 43. Kf1 Kf6 44. a5 Ke6 45. Rc7 h5 46. a6 Rxg2 47. Ke1 Re2+ 48. Kd1 Ra2 49. Rxa7 f5 50. h4 Ke5 51. Ra8 Kd4 52. Kc1 Kc3 53. Kb1 d2 54. Rd8 Rxa6 55. Rd7 Re6 0-1

[Event "Santa Cruz de Tenerife Verano op"]
[Site "Santa Cruz de Tenerife"]
[Date "2017.08.11"]
[Round "5"]
[White "Pinto Henriquez, Rodrigo"]
[Black "Colichon Rebryck, Carlos Alexei"]
[Result "1-0"]
[WhiteElo "2176"]
[BlackElo "1843"]
[PlyCount "133"]
[EventDate "2017.08.02"]
[EventType "swiss"]
[EventRounds "9"]
[EventCountry "ESP"]
[SourceTitle "EXT 2018"]
[Source "ChessBase"]
[SourceDate "2017.10.13"]
[SourceVersion "1"]
[SourceVersionDate "2017.10.13"]
[SourceQuality "1"]

1. e4 c5 2. Nf3 e6 3. d4 cxd4 4. Nxd4 a6 5. Nc3 Qc7 6. Be2 Nf6 7. 0-0 b5 8. f4 Bb7 9. e5 Nd5 10. Nxd5 Bxd5 11. Be3 Nc6 12. Nf5 g6 13. Nd6+ Bxd6 14. exd6 Qxd6 15. a4 b4 16. c3 Qe7 17. Bd3 Na5 18. Qe2 0-0 19. c4 Bc6 20. Bc2 d5 21. c5 f6 22. Bd4 Rfe8 23. Rac1 Qg7 24. b3 Bd7 25. Qd2 Nc6 26. Bb2 Qe7 27. Kh1 Qf7 28. g4 Rad8 29. g5 d4 30. Be4 f5 31. Bg2 e5 32. fxe5 Qxb3 33. e6 Rxe6 34. Bxd4 Rde8 35. Be3 Ne5 36. Rb1 Qc3 37. Rxb4 Qxd2 38. Bxd2 Bc6 39. Rb6 Bxg2+ 40. Kxg2 Nc4 41. Rxe6 Rxe6 42. Re1 Rc6 43. Bc3 Rxc5 44. Re7 Nd6 45. Be5 Ne4 46. Bf4 Ra5 47. h4 Rxa4 48. Be5 Ra5 49. Bd4 Rd5 50. Ba1 Rd1 51. Be5 Rd5 52. Ba1 a5 53. Rg7+ Kf8 54. Rxh7 Rd6 55. Ra7 Rd1 56. Bg7+ Kg8 57. Bh6 Ra1 58. Rg7+ Kh8 59. Rxg6 a4 60. h5 Ra3 61. Bg7+ Kh7 62. Be5 Ra2+ 63. Kf3 a3 64. Rg7+ Kh8 65. Rg6+ Kh7 66. Rh6+ Kg8 67. g6 1-0

[Event "Santa Cruz de Tenerife Trophy"]
[Site "Santa Cruz de Tenerife"]
[Date "2017.05.09"]
[Round "9"]
[White "Hernandez Leon, Alberto"]
[Black "Colichon Rebryck, Carlos Alexei"]
[Result "1/2-1/2"]
[WhiteElo "2282"]
[BlackElo "1742"]
[PlyCount "31"]
[EventDate "2017.03.09"]
[EventType "swiss"]
[EventRounds "9"]
[EventCountry "ESP"]
[SourceTitle "EXT 2018"]
[Source "ChessBase"]
[SourceDate "2017.10.13"]
[SourceVersion "1"]
[SourceVersionDate "2017.10.13"]
[SourceQuality "1"]

1. Nf3 Nf6 2. d4 g6 3. c4 Bg7 4. Nc3 0-0 5. e4 d6 6. Be2 Nc6 7. d5 Nb4 8. a3 Na6 9. Qc2 e5 10. dxe6 Bxe6 11. 0-0 Re8 12. Bf4 Nc5 13. Ng5 Bd7 14. Be3 h6 15. Bxc5 dxc5 16. Nf3 1/2-1/2

[Event "Santa Cruz de Tenerife Trophy"]
[Site "Santa Cruz de Tenerife"]
[Date "2017.05.04"]
[Round "8"]
[White "Colichon Rebryck, Carlos Alexei"]
[Black "Hidalgo Santana, Fernando"]
[Result "1-0"]
[WhiteElo "1742"]
[BlackElo "2182"]
[PlyCount "101"]
[EventDate "2017.03.09"]
[EventType "swiss"]
[EventRounds "9"]
[EventCountry "ESP"]
[SourceTitle "EXT 2018"]
[Source "ChessBase"]
[SourceDate "2017.10.13"]
[SourceVersion "1"]
[SourceVersionDate "2017.10.13"]
[SourceQuality "1"]

1. e4 d6 2. d4 c6 3. Nc3 g6 4. Be3 Bg7 5. Be2 Nf6 6. g4 Qa5 7. f3 b5 8. Qd2 h5 9. g5 Nfd7 10. f4 b4 11. Nd1 c5 12. Nf3 Bb7 13. Nf2 Nc6 14. 0-0 cxd4 15. Nxd4 Nxd4 16. Bxd4 e5 17. fxe5 dxe5 18. Be3 Nc5 19. a3 Nxe4 20. Nxe4 Bxe4 21. axb4 Qc7 22. Bb5+ Kf8 23. c4 Kg8 24. Rfd1 Kh7 25. Qd7 Rhc8 26. Qxc7 Rxc7 27. Rd7 Rxd7 28. Bxd7 a6 29. c5 Bf8 30. b5 axb5 31. Rxa8 Bxa8 32. c6 Bd6 33. Bb6 Be7 34. c7 Bb7 35. Be3 f6 36. gxf6 Bxf6 37. b4 e4 38. c8Q Bxc8 39. Bxc8 Bc3 40. Bc5 Kg7 41. Bd7 Kf6 42. Bxb5 Ke5 43. Be8 Kf5 44. b5 h4 45. Kf2 g5 46. h3 Ke5 47. b6 Kd5 48. b7 Be5 49. Ba7 g4 50. hxg4 h3 51. b8Q 1-0

[Event "Tenerife-chT Primera 1617"]
[Site "Tenerife"]
[Date "2017.04.29"]
[Round "13.2"]
[White "Sanchez Martin, Jacobo"]
[Black "Colichon Rebryck, Carlos Alexei"]
[Result "0-1"]
[WhiteElo "1773"]
[BlackElo "1661"]
[PlyCount "26"]
[EventDate "2016.12.10"]
[EventType "team-tourn"]
[EventRounds "14"]
[EventCountry "ESP"]
[SourceTitle "EXT 2018"]
[Source "ChessBase"]
[SourceDate "2017.10.13"]
[SourceVersion "1"]
[SourceVersionDate "2017.10.13"]
[SourceQuality "1"]
[WhiteTeam "Universidad"]
[BlackTeam "Puerto de la Cruz Piratas"]
[WhiteTeamCountry "ESP"]
[BlackTeamCountry "ESP"]

1. e4 c5 2. d3 Nc6 3. g3 e6 4. Bg2 Be7 5. c3 d5 6. exd5 exd5 7. Nf3 Bg4 8. 0-0 Qd7 9. Re1 0-0-0 10. Qa4 h5 11. h4 f6 12. Nbd2 g5 13. Nf1 gxh4 0-1

[Event "Santa Cruz de Tenerife Trophy"]
[Site "Santa Cruz de Tenerife"]
[Date "2017.04.27"]
[Round "7"]
[White "Reyes Lopez, Angel"]
[Black "Colichon Rebryck, Carlos Alexei"]
[Result "1/2-1/2"]
[WhiteElo "1513"]
[BlackElo "1742"]
[PlyCount "80"]
[EventDate "2017.03.09"]
[EventType "swiss"]
[EventRounds "9"]
[EventCountry "ESP"]
[SourceTitle "EXT 2018"]
[Source "ChessBase"]
[SourceDate "2017.10.13"]
[SourceVersion "1"]
[SourceVersionDate "2017.10.13"]
[SourceQuality "1"]

1. e4 d5 2. exd5 Nf6 3. Bb5+ Bd7 4. Bc4 b5 5. Bb3 Bg4 6. f3 Bf5 7. Ne2 Nxd5 8. d4 e6 9. Ng3 Bg6 10. 0-0 Be7 11. Nc3 Nxc3 12. bxc3 0-0 13. a4 b4 14. cxb4 Bxb4 15. Bb2 Qh4 16. Qe2 Bd6 17. Qf2 Nd7 18. Ba3 c5 19. dxc5 Be5 20. Rad1 Nf6 21. Rfe1 Bc3 22. Rf1 Be5 23. Rfe1 Bc3 24. Rf1 Be5 25. Bc1 Rfd8 26. Rfe1 Bc3 27. Bd2 Bd4 28. Be3 Bc3 29. Rxd8+ Rxd8 30. Re2 Rd1+ 31. Nf1 Qb4 32. Bd2 h6 33. Qe3 Rxd2 34. Rxd2 Bxd2 35. Nxd2 Nd5 36. Qf2 Qc3 37. Nf1 a5 38. g3 Bh5 39. Kg2 g5 40. h3 Kg7 1/2-1/2